The encyclopaedia of Indian National Congress : (Record no. 136858)

MARC details
000 -LEADER
fixed length control field 00702nam a22002297a 4500
010 ## - LIBRARY OF CONGRESS CONTROL NUMBER
LC control number 946559
020 ## - INTERNATIONAL STANDARD BOOK NUMBER
Terms of availability 165.00
035 ## - SYSTEM CONTROL NUMBER
System control number 946559
037 ## - SOURCE OF ACQUISITION
Source of stock number/acquisition Cen Lib / Ret
040 ## - CATALOGING SOURCE
Original cataloging agency DPL
Language of cataloging EN
082 ## - DEWEY DECIMAL CLASSIFICATION NUMBER
Classification number 329.954
Item number ENC
245 ## - TITLE STATEMENT
Title The encyclopaedia of Indian National Congress :
Remainder of title in search of a creed /
Statement of responsibility, etc edited by A. M. Zaidi
260 ## - PUBLICATION, DISTRIBUTION, ETC. (IMPRINT)
Place of publication, distribution, etc New Delhi
Name of publisher, distributor, etc S. Chand & Co
Date of publication, distribution, etc 1979
270 ## - ADDRESS
Address Ramnagar
City New Delhi
Postal code 110055
300 ## - PHYSICAL DESCRIPTION
Extent (v 6. 734p)
Dimensions 27cm(Hb)
505 ## - FORMATTED CONTENTS NOTE
Formatted contents note v 6. 1911-1915
650 ## - SUBJECT ADDED ENTRY--TOPICAL TERM
Topical term or geographic name as entry element Indian National Congress.
650 ## - SUBJECT ADDED ENTRY--TOPICAL TERM
Topical term or geographic name as entry element India -- Politics and government.
650 ## - SUBJECT ADDED ENTRY--TOPICAL TERM
Topical term or geographic name as entry element Politics and government
700 ## - ADDED ENTRY--PERSONAL NAME
Personal name Zaidi, A. M.
942 ## - ADDED ENTRY ELEMENTS (KOHA)
Source of classification or shelving scheme Dewey Decimal Classification
Koha item type English Books
Classification part 329.954
Call number suffix ENC
Holdings
Withdrawn status Lost status Source of classification or shelving scheme Materials specified (bound volume or other part) Damaged status Not for loan Home library Current library Date acquired Source of acquisition Cost, normal purchase price Total Checkouts Full call number Barcode Date last seen Copy number Price effective from Koha item type
    Dewey Decimal Classification v 6     Central Library Central Library 11/03/2016 Cen Lib/Ret 165.00   329.954 ENC 946559 11/03/2016 1 11/03/2016 English Books

© Delhi Public Library
Hit Counter
free hit counter